| 000 | 00446nam a2200169Ia 4500 | ||
|---|---|---|---|
| 008 | 230917s9999||||xx |||||||||||||| ||und|| | ||
| 020 | _cGBP75 | ||
| 040 |
_e225339 _aMAIN |
||
| 041 | _aEnglish | ||
| 082 | _a338.4791 M86C | ||
| 100 | _aMoufakkir, Omar | ||
| 245 | 0 | _aControversies in tourism | |
| 260 |
_aOxfordshire _bCAB International _c2012 |
||
| 300 | _ax, 266 p. | ||
| 500 | _a1987 23/02/2015 IBS 215 24/02/2015 IHTM (SFS) | ||
| 942 | _cBK | ||
| 999 |
_c14857 _d14857 |
||